PET/CT in Cancer of Unknown Primary (Post nr. 6458)
[ visa ren ]
| 000 -LEADER | |
|---|---|
| fixed length control field | 02987nam a22004695i 4500 |
| 001 - CONTROL NUMBER | |
| control field | 60456 |
| 005 - DATE AND TIME OF LATEST TRANSACTION | |
| control field | 20200226102531.0 |
| 007 - PHYSICAL DESCRIPTION FIXED FIELD--GENERAL INFORMATION | |
| fixed length control field | cr nn 008mamaa |
| 008 - FIXED-LENGTH DATA ELEMENTS--GENERAL INFORMATION | |
| fixed length control field | 170616s2017 gw | s |||| 0|eng d |
| 020 ## - INTERNATIONAL STANDARD BOOK NUMBER | |
| International Standard Book Number | 9783319564241 |
| -- | 978-3-319-56424-1 |
| 024 7# - OTHER STANDARD IDENTIFIER | |
| Standard number or code | 10.1007/978-3-319-56424-1 |
| Source of number or code | doi |
| 035 ## - SYSTEM CONTROL NUMBER | |
| System control number | (DE-He213)978-3-319-56424-1 |
| 050 #4 - LIBRARY OF CONGRESS CALL NUMBER | |
| Classification number | R895-920 |
| 072 #7 - SUBJECT CATEGORY CODE | |
| Subject category code | MMN |
| Source | bicssc |
| 072 #7 - SUBJECT CATEGORY CODE | |
| Subject category code | MED080000 |
| Source | bisacsh |
| 082 04 - DEWEY DECIMAL CLASSIFICATION NUMBER | |
| Classification number | 616.07548 |
| Edition number | 23 |
| 245 10 - TITLE STATEMENT | |
| Title | PET/CT in Cancer of Unknown Primary |
| Medium | [electronic resource] / |
| Statement of responsibility, etc. | edited by Nagabhushan Seshadri, Chinnamani Eswar. |
| 264 #1 - PRODUCTION, PUBLICATION, DISTRIBUTION, MANUFACTURE, AND COPYRIGHT NOTICE | |
| Place of production, publication, distribution, manufacture | Cham : |
| Name of producer, publisher, distributor, manufacturer | Springer International Publishing : |
| -- | Imprint: Springer, |
| Date of production, publication, distribution, manufacture, or copyright notice | 2017. |
| 300 ## - PHYSICAL DESCRIPTION | |
| Extent | XV, 65 p. 15 illus. in color. |
| Other physical details | online resource. |
| 336 ## - CONTENT TYPE | |
| Content type term | text |
| Content type code | txt |
| Source | rdacontent |
| 337 ## - MEDIA TYPE | |
| Media type term | computer |
| Media type code | c |
| Source | rdamedia |
| 338 ## - CARRIER TYPE | |
| Carrier type term | online resource |
| Carrier type code | cr |
| Source | rdacarrier |
| 347 ## - DIGITAL FILE CHARACTERISTICS | |
| File type | text file |
| Encoding format | |
| Source | rda |
| 490 1# - SERIES STATEMENT | |
| Series statement | Clinicians’ Guides to Radionuclide Hybrid Imaging |
| 505 0# - FORMATTED CONTENTS NOTE | |
| Formatted contents note | Causes; Epidemiology; Clinical presentation /Signs and symptoms; Diagnosis; Staging procedures/investigations -- Pathology of Cancer of Unknown Primary -- Management of Cancer of Unknown Primary -- Imaging of Cancer of Unknown Primary -- PET-CT in Cancer of Unknown Primary -- Cancer of Unknown Primary: Pictorial teaching Atlas. |
| 520 ## - SUMMARY, ETC. | |
| Summary, etc. | This pocket book offers a rapid and concise overview of the utility of PET/CT in the management of patients with cancer of unknown primary (CUP). Readers will gain an appreciation of the unique information provided by PET/CT on the molecular and metabolic changes associated with CUP, which can occur in the absence of corresponding anatomical alterations. Characteristic imaging appearances are documented with the aid of a series of teaching cases that serve to illustrate the potential improvements in patient management that may be achieved through early use of PET/CT in the diagnostic pathway. In addition, the relation of the clinical and pathological background to imaging is explained. The book is published within the Springer series Clinicians’ Guides to Radionuclide Hybrid Imaging (compiled under the auspices of the British Nuclear Medicine Society) and will be an excellent asset for all clinicians, nuclear medicine physicians, radiologists, radiographers, and nurses who routinely work in multidisciplinary teams involved in the management of these patients. |
| 650 #0 - SUBJECT ADDED ENTRY--TOPICAL TERM | |
| Topical term or geographic name entry element | Medicine. |
| 650 #0 - SUBJECT ADDED ENTRY--TOPICAL TERM | |
| Topical term or geographic name entry element | Nuclear medicine. |
| 650 #0 - SUBJECT ADDED ENTRY--TOPICAL TERM | |
| Topical term or geographic name entry element | Oncology. |
| 650 14 - SUBJECT ADDED ENTRY--TOPICAL TERM | |
| Topical term or geographic name entry element | Medicine & Public Health. |
| 650 24 - SUBJECT ADDED ENTRY--TOPICAL TERM | |
| Topical term or geographic name entry element | Nuclear medicine. |
| 650 24 - SUBJECT ADDED ENTRY--TOPICAL TERM | |
| Topical term or geographic name entry element | Oncology. |
| 700 1# - ADDED ENTRY--PERSONAL NAME | |
| Personal name | Seshadri, Nagabhushan. |
| Relator term | editor. |
| 700 1# - ADDED ENTRY--PERSONAL NAME | |
| Personal name | Eswar, Chinnamani. |
| Relator term | editor. |
| 710 2# - ADDED ENTRY--CORPORATE NAME | |
| Corporate name or jurisdiction name as entry element | SpringerLink (Online service) |
| 773 0# - HOST ITEM ENTRY | |
| Title | Springer eBooks |
| 776 08 - ADDITIONAL PHYSICAL FORM ENTRY | |
| Relationship information | Printed edition: |
| International Standard Book Number | 9783319564234 |
| 830 #0 - SERIES ADDED ENTRY--UNIFORM TITLE | |
| Uniform title | Clinicians’ Guides to Radionuclide Hybrid Imaging |
| 856 40 - ELECTRONIC LOCATION AND ACCESS | |
| Uniform Resource Identifier | <a href="http://dx.doi.org/10.1007/978-3-319-56424-1">http://dx.doi.org/10.1007/978-3-319-56424-1</a> |
| 912 ## - | |
| -- | ZDB-2-SME |
Inga exemplar finns tillgängliga.